000 00477nam a2200181Ia 4500
008 180523s9999 xx 000 0 und d
020 _a81-7169-321-0
050 _aMAIN HB 125
050 _b.T43 2004
245 0 _aTeaching of economics /
245 0 _cedited by Kadambari Sharma, Tripat Tuteja.
260 _aNew Delhi :
260 _bCommonwealth Pub.,
260 _c2004
300 _a311 pages :
300 _c22 cm.
650 _aEconomics -- Study and teaching.
999 _c356750
_d356750